[Event "BAN-chT Premier"]
[Site "Dhaka"]
[Date "2022.12.02"]
[Round "3.2"]
[White "Muthaiah, Al"]
[Black "Aaryan, Varshney"]
[Result "1-0"]
[WhiteElo "2454"]
[BlackElo "2312"]
[PlyCount "131"]
[EventDate "2022.11.30"]
[EventType "team-tourn"]
[EventRounds "11"]
[EventCountry "BAN"]
[SourceTitle "CBM 211 Extra"]
[Source "ChessBase"]
[SourceDate "2023.01.31"]
[SourceVersion "1"]
[SourceVersionDate "2023.01.31"]
[SourceQuality "1"]
[WhiteTeam "Leonine CC"]
[BlackTeam "Uttara Central CC"]
[WhiteTeamCountry "BAN"]
[BlackTeamCountry "BAN"]

1. d4 d5 2. Bf4 Nf6 3. e3 c5 4. Nf3 Nc6 5. Nbd2 Bg4 6. c3 e6 7. Qb3 Qc8 8. Ne5 Nxe5 9. Bxe5 c4 10. Qa4+ Qd7 11. Qxd7+ Nxd7 12. Bf4 b5 13. e4 Nb6 14. h4 Bh5 15. f3 f5 16. exf5 exf5 17. Be2 Be7 18. Nf1 0-0 19. Ne3 Be8 20. Kd2 Bc6 21. h5 b4 22. Bd1 Bd7 23. g3 Rac8 24. Bc2 Rf7 25. Rae1 Bf8 26. a3 b3 27. Bb1 Na4 28. Kc1 Bxa3 29. bxa3 Nxc3 30. Bd6 Nb5 31. Bc5 c3 32. Nxd5 b2+ 33. Kc2 Nxd4+ 34. Bxd4 Ba4+ 35. Kd3 c2 36. Nc3 c1Q 37. Rxc1 bxc1Q 38. Rxc1 Bb3 39. f4 Rfc7 40. Be5 Rc6 41. Kd2 Be6 42. Bd3 Rd8 43. Ke3 Rdc8 44. a4 Kf7 45. Bb5 Rc5 46. Bd4 R5c7 47. Ba6 Re8 48. Be5 Rc5 49. Kd4 Rc6 50. Bb5 Rd8+ 51. Ke3 Rc5 52. Bd4 Rc7 53. Ne2 Re7 54. Be5 g6 55. Nd4 Bd5 56. hxg6+ hxg6 57. Nc6 Bxc6 58. Rxc6 g5 59. Rf6+ Kg8 60. Rg6+ Kh7 61. Rxg5 Rd1 62. Bd3 Kh6 63. Rxf5 Rd7 64. Rf6+ Kg7 65. Rd6+ Kf7 66. Rxd7+ 1-0

[Event "Asian Continental Blitz op 19th"]
[Site "Delhi"]
[Date "2022.11.03"]
[Round "2"]
[White "Pranav, V."]
[Black "Aaryan, Varshney"]
[Result "0-1"]
[WhiteElo "2548"]
[BlackElo "2312"]
[PlyCount "84"]
[EventDate "2022.11.03"]
[EventType "swiss (blitz)"]
[EventRounds "9"]
[EventCountry "IND"]
[SourceTitle "EXT 2024"]
[Source "ChessBase"]
[SourceDate "2023.10.10"]
[SourceVersion "1"]
[SourceVersionDate "2023.10.10"]
[SourceQuality "1"]

1. Nf3 d5 2. g3 Nf6 3. Bg2 c6 4. 0-0 Bf5 5. d3 e6 6. Nbd2 h6 7. Qe1 Be7 8. e4 Bh7 9. Qe2 0-0 10. Rd1 a5 11. Nf1 dxe4 12. dxe4 Qb6 13. Ne5 Qa6 14. Qe1 Qb5 15. Nd3 Nbd7 16. a4 Qa6 17. Bf4 Rfd8 18. Nd2 Nc5 19. Nxc5 Bxc5 20. Nb3 Bb6 21. h3 Qc4 22. Nxa5 Rxa5 23. Be3 c5 24. Bf1 Qxc2 25. b4 Raa8 26. bxc5 Bc7 27. Rdc1 Qxe4 28. Bg2 Qf5 29. Bxb7 Rab8 30. Bg2 Nd5 31. Bd2 Be5 32. Ra2 Bd4 33. c6 Rdc8 34. a5 Rb1 35. a6 Rxc1 36. Bxc1 Qb1 37. Ra4 Rxc6 38. a7 Bxa7 39. Rxa7 Bg6 40. Bd2 Qxe1+ 41. Bxe1 Rc1 42. Bxd5 Rxe1+ 0-1

[Event "Raipur Chhattisgarh"]
[Site "Raipur"]
[Date "2022.09.28"]
[Round "10"]
[White "Aaryan, Varshney"]
[Black "Neelash, Saha"]
[Result "1/2-1/2"]
[WhiteElo "2263"]
[BlackElo "2454"]
[PlyCount "60"]
[EventDate "2022.09.19"]
[EventType "swiss"]
[EventRounds "10"]
[EventCountry "IND"]
[SourceTitle "CBM 210 Extra"]
[Source "ChessBase"]
[SourceDate "2022.11.30"]
[SourceVersion "1"]
[SourceVersionDate "2022.11.30"]
[SourceQuality "1"]

1. d4 Nf6 2. c4 e6 3. Nf3 b6 4. g3 Ba6 5. b3 Bb4+ 6. Bd2 Be7 7. Bg2 c6 8. Bc3 d5 9. Nbd2 Nbd7 10. 0-0 0-0 11. Re1 Rc8 12. e4 Bb7 13. Qe2 Qc7 14. Rad1 Rfd8 15. Ne5 Nf8 16. Nd3 Ba8 17. Bb2 dxe4 18. Nxe4 Nxe4 19. Bxe4 Bf6 20. Nf4 g6 21. Ng2 Bg7 22. Ne3 Nd7 23. d5 cxd5 24. cxd5 Bxb2 25. Qxb2 Qe5 26. Qxe5 Nxe5 27. f4 exd5 28. Nxd5 Nc6 29. Bf3 Kg7 30. Kf2 Na5 1/2-1/2

[Event "Chennai op 13th"]
[Site "Chennai"]
[Date "2022.06.22"]
[Round "5"]
[White "Aaryan, Varshney"]
[Black "Tran, Tuan Minh"]
[Result "0-1"]
[WhiteElo "2295"]
[BlackElo "2513"]
[PlyCount "78"]
[EventDate "2022.06.19"]
[EventType "swiss"]
[EventRounds "10"]
[EventCountry "IND"]
[SourceTitle "CBM 209 Extra"]
[Source "ChessBase"]
[SourceDate "2022.09.30"]
[SourceVersion "1"]
[SourceVersionDate "2022.09.30"]
[SourceQuality "1"]

1. d4 Nf6 2. c4 e6 3. Nf3 b6 4. g3 Ba6 5. b3 Bb4+ 6. Bd2 Be7 7. Bg2 0-0 8. 0-0 Bb7 9. Nc3 d5 10. cxd5 exd5 11. Qc2 Na6 12. Rfd1 Re8 13. Bf4 Ne4 14. Ne5 Nb4 15. Qb2 f6 16. Nf3 g5 17. Be3 a5 18. a3 Na6 19. Rac1 Bd6 20. Nb5 Bf8 21. Bh3 Qe7 22. a4 c6 23. Nc3 Nd6 24. Re1 Qg7 25. Bg2 Nb4 26. Bd2 Ne4 27. Rcd1 Ba6 28. Bf1 Re6 29. Bc1 Rae8 30. e3 Bxf1 31. Rxf1 Qg6 32. Kg2 Nxc3 33. Qxc3 Qe4 34. h3 f5 35. Kg1 Qxf3 36. Rde1 Rh6 37. Kh2 Rxh3+ 38. Kxh3 Re6 39. Kh2 Rh6+ 0-1

[Event "Visakhapatnam Vizag op"]
[Site "Visakhapatnam"]
[Date "2022.06.16"]
[Round "9"]
[White "Aaryan, Varshney"]
[Black "Nikitenko, Mihail"]
[Result "1/2-1/2"]
[WhiteElo "2295"]
[BlackElo "2475"]
[PlyCount "118"]
[EventDate "2022.06.10"]
[EventType "swiss"]
[EventRounds "10"]
[EventCountry "IND"]
[SourceTitle "CBM 208 Extra"]
[Source "ChessBase"]
[SourceDate "2022.07.31"]
[SourceVersion "1"]
[SourceVersionDate "2022.07.31"]
[SourceQuality "1"]

1. d4 Nf6 2. c4 e6 3. Nf3 d5 4. Nc3 c6 5. e3 Nbd7 6. Be2 Bd6 7. 0-0 b6 8. b3 Bb7 9. Bb2 Qe7 10. Qc2 0-0 11. Rad1 Rad8 12. Rfe1 Rfe8 13. Bf1 c5 14. cxd5 exd5 15. dxc5 Nxc5 16. Nb5 Bb8 17. Nbd4 Nce4 18. h3 Rc8 19. Qd3 g6 20. Rc1 a6 21. Rxc8 Rxc8 22. Rc1 Rxc1 23. Bxc1 Bd6 24. Qc2 b5 25. Bb2 b4 26. Nc6 Qe8 27. Na5 Bc8 28. Qc6 Qxc6 29. Nxc6 Ne8 30. Nfe5 Nc3 31. a4 Na2 32. Nd3 Bb7 33. Nce5 Nc3 34. Nf3 Nf6 35. Bxc3 bxc3 36. Nd4 Ne4 37. b4 Nd2 38. b5 Nc4 39. Be2 Kf8 40. Kf1 Nb2 41. bxa6 Bxa6 42. Nc1 Bxe2+ 43. Kxe2 Nxa4 44. Kd3 h5 45. Nce2 Nc5+ 46. Kc2 Ne4 47. f3 Nf6 48. Nxc3 Bc5 49. Kd3 Ke7 50. e4 dxe4+ 51. Nxe4 Bxd4 52. Kxd4 Nd7 53. h4 Ke6 54. g4 hxg4 55. fxg4 f5 56. gxf5+ Kxf5 57. h5 gxh5 58. Ng3+ Kg6 59. Nxh5 Kxh5 1/2-1/2

[Event "Visakhapatnam Vizag op"]
[Site "Visakhapatnam"]
[Date "2022.06.13"]
[Round "5"]
[White "Aaryan, Varshney"]
[Black "Harsha, Bharathakoti"]
[Result "0-1"]
[WhiteElo "2295"]
[BlackElo "2547"]
[PlyCount "154"]
[EventDate "2022.06.10"]
[EventType "swiss"]
[EventRounds "10"]
[EventCountry "IND"]
[SourceTitle "CBM 208 Extra"]
[Source "ChessBase"]
[SourceDate "2022.07.31"]
[SourceVersion "1"]
[SourceVersionDate "2022.07.31"]
[SourceQuality "1"]

1. Nf3 d5 2. g3 Nc6 3. d4 Bf5 4. Bg2 Nb4 5. Na3 e6 6. c3 Nc6 7. Nc2 h6 8. 0-0 Nf6 9. Ne5 Nxe5 10. dxe5 Nd7 11. c4 c6 12. cxd5 cxd5 13. Nd4 Bh7 14. f4 Bc5 15. Be3 0-0 16. Rc1 Qb6 17. Qd2 Rac8 18. a3 Qa6 19. Rc3 Nb6 20. Bf2 Nc4 21. Qc1 b5 22. b4 Bb6 23. Nb3 Bxf2+ 24. Rxf2 Qb6 25. e3 Rc7 26. g4 Rfc8 27. Nc5 a5 28. f5 Rxc5 29. bxc5 Rxc5 30. fxe6 fxe6 31. Qf1 Rc8 32. Qe1 b4 33. axb4 axb4 34. Rb3 Rb8 35. Ra2 Nxe5 36. Qd2 Nc6 37. h3 Qc5 38. Ra6 Qc4 39. Rxc6 Qxc6 40. Rxb4 Ra8 41. Qb2 Qc5 42. Rb8+ Rxb8 43. Qxb8+ Qf8 44. Qe5 Qf6 45. Qb8+ Kf7 46. Qc7+ Qe7 47. Qf4+ Ke8 48. Qb8+ Qd8 49. Qe5 Qd7 50. Qb8+ Kf7 51. Qf4+ Ke7 52. Qe5 Kf8 53. Qf4+ Qf7 54. Qd6+ Qe7 55. Qb8+ Qe8 56. Qe5 Bg6 57. h4 Kg8 58. g5 hxg5 59. hxg5 Qf7 60. Qb8+ Kh7 61. Qh2+ Bh5 62. Qe5 Bg4 63. Qg3 Qf5 64. e4 dxe4 65. Qf2 Kg6 66. Qe3 Bf3 67. Bf1 Qxg5+ 68. Qxg5+ Kxg5 69. Bh3 e5 70. Bf1 e3 71. Bc4 Kf4 72. Bb5 g5 73. Bc4 g4 74. Bb5 g3 75. Kf1 g2+ 76. Kg1 e2 77. Bxe2 Bxe2 0-1

[Event "Guwahati op 1st"]
[Site "Guwahati"]
[Date "2022.03.18"]
[Round "7"]
[White "Mosadeghpour, Masoud"]
[Black "Aaryan, Varshney"]
[Result "1/2-1/2"]
[WhiteElo "2511"]
[BlackElo "2277"]
[PlyCount "94"]
[EventDate "2022.03.14"]
[EventType "swiss"]
[EventRounds "10"]
[EventCountry "IND"]
[SourceTitle "CBM 207 Extra"]
[Source "ChessBase"]
[SourceDate "2022.05.31"]
[SourceVersion "1"]
[SourceVersionDate "2022.05.31"]
[SourceQuality "1"]

1. e4 c5 2. Nf3 d6 3. d4 cxd4 4. Nxd4 Nf6 5. Nc3 a6 6. Be3 e5 7. Nf3 Be7 8. Bc4 0-0 9. 0-0 Be6 10. Bxe6 fxe6 11. Na4 Ng4 12. Qd3 Nxe3 13. Qxe3 b5 14. Nb6 Ra7 15. Nd5 Rb7 16. Nxe7+ Qxe7 17. Rad1 Nd7 18. Rd2 Rc8 19. Rfd1 Rc6 20. Ne1 Nf6 21. f3 h6 22. h3 Kh7 23. Nd3 a5 24. f4 Rc4 25. Nf2 exf4 26. Qxf4 d5 27. b3 Rxe4 28. Nxe4 Nxe4 29. Rd4 e5 30. Rxe4 exf4 31. Rxe7 Rxe7 32. Rxd5 Re1+ 33. Kf2 Ra1 34. Rxb5 Rxa2 35. Rc5 a4 36. bxa4 Rxa4 37. Rc7 Kg6 38. Kf3 Kf6 39. h4 g6 40. c4 g5 41. c5 Ra3+ 42. Kf2 Ra2+ 43. Kf3 Ra3+ 44. Kf2 Ra2+ 45. Kf3 Ra3+ 46. Ke4 Ra4+ 47. Kf3 Ke5 1/2-1/2

[Event "MPL-ch U20 50th"]
[Site "Gurugram"]
[Date "2022.03.12"]
[Round "8"]
[White "Aaryan, Varshney"]
[Black "Aryan, Arora2222"]
[Result "0-1"]
[WhiteElo "2277"]
[BlackElo "1575"]
[PlyCount "204"]
[EventDate "2022.03.09"]
[EventType "swiss"]
[EventRounds "9"]
[EventCountry "IND"]
[SourceTitle "CBM 207 Extra"]
[Source "ChessBase"]
[SourceDate "2022.05.31"]
[SourceVersion "1"]
[SourceVersionDate "2022.05.31"]
[SourceQuality "1"]

1. d4 Nf6 2. c4 e6 3. Nf3 d5 4. Nc3 Bb4 5. Bg5 h6 6. Bxf6 Qxf6 7. e3 0-0 8. Rc1 dxc4 9. Bxc4 c5 10. 0-0 cxd4 11. Nxd4 Bd7 12. Ne4 Qe7 13. a3 Bd6 14. h3 Bc7 15. Ba2 Bb6 16. Bb1 f5 17. Ng3 Nc6 18. Nb5 Rad8 19. Qh5 a6 20. Nc3 Be8 21. Qe2 Ne5 22. Rfd1 Bc6 23. Ba2 Rde8 24. Qh5 Kh7 25. b4 Nf3+ 26. Qxf3 Bxf3 27. gxf3 f4 28. exf4 Rxf4 29. Bb1+ Kg8 30. Be4 Rd8 31. Na4 Rxd1+ 32. Rxd1 Ba7 33. Kg2 Qc7 34. Rd2 b5 35. Nc5 Bxc5 36. Rc2 Qe5 37. bxc5 Rf8 38. c6 a5 39. Nf1 Rc8 40. Ne3 Qa1 41. Rc5 Qb2 42. Nc2 Rc7 43. a4 bxa4 44. Rxa5 Qb3 45. Kg3 Kf7 46. Kg2 Ke7 47. Kg1 Kd6 48. Kg2 g6 49. Kg3 e5 50. Ne3 Rxc6 51. Bxc6 Kxc6 52. Kg2 a3 53. Nc2 Qxc2 54. Rxa3 Kd5 55. Re3 Qf5 56. Ra3 Kd4 57. Rb3 Qg5+ 58. Kh2 Kc4 59. Re3 h5 60. Ra3 h4 61. Ra8 Kd3 62. Ra2 Qf4+ 63. Kg2 Qc1 64. Ra4 Qg5+ 65. Kf1 Qf5 66. Kg2 Qf6 67. Ra3+ Kc2 68. Ra2+ Kb3 69. Re2 Kc3 70. Ra2 Qg5+ 71. Kf1 e4 72. fxe4 Kd4 73. Ra4+ Kd3 74. Ra3+ Kxe4 75. Ra4+ Kd3 76. Ra3+ Kc2 77. Re3 Kd2 78. Re4 Qb5+ 79. Kg2 Qd5 80. f3 g5 81. Kf2 Qd6 82. Re2+ Kd3 83. Re3+ Kd4 84. Re4+ Kd5 85. Rg4 Qh2+ 86. Rg2 Qf4 87. Rg4 Qd2+ 88. Kf1 Ke5 89. Re4+ Kf5 90. Kg1 Qd1+ 91. Kg2 Qc2+ 92. Kf1 Qh2 93. Ra4 Qxh3+ 94. Kf2 Qh2+ 95. Kf1 h3 96. Rg4 Qd2 97. Kg1 Qd1+ 98. Kh2 Qxf3 99. Rg1 Qf2+ 100. Kxh3 g4+ 101. Rxg4 Qf3+ 102. Rg3 Qh1# 0-1

[Event "MPL-ch U20 50th"]
[Site "Gurugram"]
[Date "2022.03.12"]
[Round "7"]
[White "Rakshith, Srinivasan"]
[Black "Aaryan, Varshney"]
[Result "0-1"]
[WhiteElo "1856"]
[BlackElo "2277"]
[PlyCount "120"]
[EventDate "2022.03.09"]
[EventType "swiss"]
[EventRounds "9"]
[EventCountry "IND"]
[SourceTitle "CBM 207 Extra"]
[Source "ChessBase"]
[SourceDate "2022.05.31"]
[SourceVersion "1"]
[SourceVersionDate "2022.05.31"]
[SourceQuality "1"]

1. e4 c5 2. Nf3 d6 3. d4 cxd4 4. Nxd4 Nf6 5. Nc3 a6 6. Bc4 e6 7. Bb3 Be7 8. g4 h6 9. Be3 Nc6 10. Rg1 Qa5 11. f3 Nd7 12. Nxc6 bxc6 13. Qe2 Bh4+ 14. Bf2 Bxf2+ 15. Qxf2 Qc5 16. Na4 Qxf2+ 17. Kxf2 g5 18. Rad1 Ke7 19. Rd2 Ne5 20. Rgd1 Rd8 21. c4 a5 22. c5 d5 23. Nb6 Rb8 24. a3 Ba6 25. exd5 cxd5 26. Ba2 Bb5 27. b4 axb4 28. axb4 Rb7 29. Rb1 Ra7 30. Rb3 d4 31. Bb1 Ra1 32. Be4 h5 33. gxh5 f5 34. Bb7 Kf6 35. h6 Ra7 36. c6 Bxc6 37. Bxc6 Nxc6 38. b5 Ne5 39. Rb4 g4 40. Rbxd4 Rxd4 41. Rxd4 Ra2+ 42. Ke3 Ra3+ 43. Kf2 Rxf3+ 44. Kg2 Rh3 45. Nd7+ Nxd7 46. Rxd7 Rxh6 47. Rd2 f4 48. b6 Rh7 49. Rb2 Rb7 50. Rb5 e5 51. Kf2 e4 52. Ke2 e3 53. Kd3 Rd7+ 54. Ke2 Rd2+ 55. Kf1 f3 56. Rb1 Rxh2 57. Kg1 g3 58. b7 f2+ 59. Kf1 Rh1+ 60. Kg2 Rxb1 0-1

[Event "MPL-ch U20 50th"]
[Site "Gurugram"]
[Date "2022.03.10"]
[Round "4"]
[White "Aaryan, Varshney"]
[Black "Koustav, Chatterjee"]
[Result "1/2-1/2"]
[WhiteElo "2277"]
[BlackElo "2466"]
[PlyCount "50"]
[EventDate "2022.03.09"]
[EventType "swiss"]
[EventRounds "9"]
[EventCountry "IND"]
[SourceTitle "CBM 207 Extra"]
[Source "ChessBase"]
[SourceDate "2022.05.31"]
[SourceVersion "1"]
[SourceVersionDate "2022.05.31"]
[SourceQuality "1"]

1. d4 Nf6 2. c4 e6 3. Nf3 d5 4. Nc3 c5 5. cxd5 cxd4 6. Qxd4 exd5 7. e4 dxe4 8. Qxd8+ Kxd8 9. Ng5 Be6 10. Nxe6+ fxe6 11. Bg5 h6 12. 0-0-0+ Ke7 13. Bxf6+ gxf6 14. Nxe4 Bg7 15. Kb1 f5 16. Ng3 Nc6 17. Bc4 Rad8 18. Rhe1 Rxd1+ 19. Rxd1 Rc8 20. Re1 Ne5 21. Bb3 Kd6 22. Rd1+ Ke7 23. Re1 Kd6 24. Rd1+ Ke7 25. Re1 Kd6 1/2-1/2

[Event "IND-ch 58th"]
[Site "Kanpur"]
[Date "2022.03.01"]
[Round "9"]
[White "Aaryan, Varshney"]
[Black "Koustav, Chatterjee"]
[Result "1/2-1/2"]
[WhiteElo "2277"]
[BlackElo "2466"]
[PlyCount "107"]
[EventDate "2022.02.25"]
[EventType "swiss"]
[EventRounds "11"]
[EventCountry "IND"]
[SourceTitle "CBM 207 Extra"]
[Source "ChessBase"]
[SourceDate "2022.05.31"]
[SourceVersion "1"]
[SourceVersionDate "2022.05.31"]
[SourceQuality "1"]

1. d4 d5 2. c4 e6 3. Nc3 a6 4. cxd5 exd5 5. Nf3 c6 6. Bf4 Bd6 7. Bxd6 Qxd6 8. e3 Ne7 9. Bd3 0-0 10. 0-0 Bf5 11. Bxf5 Nxf5 12. Qb3 Nd7 13. e4 dxe4 14. Nxe4 Qc7 15. d5 c5 16. Rac1 Rac8 17. Rfe1 b5 18. Qc2 Nd6 19. Nd4 Rce8 20. Nc6 c4 21. b3 Nb6 22. Ng5 g6 23. Qd2 Qd7 24. Qd4 Rxe1+ 25. Rxe1 Re8 26. Re5 c3 27. Qxc3 Nxd5 28. Qh3 Qxh3 29. Rxe8+ Nxe8 30. Nxh3 f6 31. f3 Kf7 32. Nf2 Ke6 33. Ne4 f5 34. Nd4+ Ke5 35. Nc6+ Ke6 36. Nd4+ Ke7 37. Nc5 Nec7 38. a4 Nb4 39. axb5 axb5 40. Nb7 Nd3 41. Kf1 Kf6 42. Nd6 b4 43. Nc4 Ne6 44. Nc2 Nec5 45. Na5 Ke6 46. Nc6 Na6 47. Ke2 Nf4+ 48. Ke3 Nxg2+ 49. Kf2 Nf4 50. N2xb4 Nc5 51. Nd4+ Ke5 52. Nbc2 Nd5 53. Nc6+ Kd6 54. N6d4 1/2-1/2

[Event "FIDE Youth Super Final U16"]
[Site "Tornelo INT"]
[Date "2021.12.22"]
[Round "9"]
[White "Aaryan, Varshney"]
[Black "Samadov, Read"]
[Result "0-1"]
[WhiteElo "2277"]
[BlackElo "2375"]
[PlyCount "166"]
[EventDate "2021.12.18"]
[EventType "tourn (rapid)"]
[EventRounds "10"]
[EventCountry "NET"]
[SourceTitle "EXT 2023"]
[Source "ChessBase"]
[SourceDate "2022.10.05"]
[SourceVersion "1"]
[SourceVersionDate "2022.10.05"]
[SourceQuality "1"]

1. d4 Nf6 2. c4 g6 3. Nc3 Bg7 4. e4 d6 5. Nf3 0-0 6. Be2 e5 7. 0-0 h6 8. dxe5 dxe5 9. Be3 Nc6 10. h3 Kh7 11. a3 a5 12. Qxd8 Rxd8 13. Rfd1 Be6 14. Nd5 Rac8 15. Bd3 Ne8 16. g4 Rd7 17. Kg2 Rcd8 18. Rd2 a4 19. Rdd1 Na5 20. Nd2 c6 21. Bb6 Ra8 22. Nb4 Nd6 23. c5 Nc8 24. Bxa5 Rxa5 25. Rac1 Bf8 26. Bc4 Bxc4 27. Nxc4 Rxd1 28. Rxd1 Rxc5 29. Rd8 Rxc4 30. Rxf8 Nd6 31. Rd8 Rd4 32. Rd7 Kg7 33. Kf3 Kf6 34. Nc2 Rd2 35. Ne3 Ke6 36. Rd8 Ke7 37. Ra8 Rxb2 38. Rxa4 Rb3 39. Kg2 Ke6 40. h4 Rc3 41. Kf3 Nb5 42. Ra8 Rxa3 43. Re8+ Kf6 44. Kg2 Nd6 45. Rb8 Rb3 46. g5+ hxg5 47. Ng4+ Ke6 48. hxg5 Nxe4 49. Re8+ Kf5 50. Nh6+ Kxg5 51. Nxf7+ Kf6 52. Nxe5 Nd6 53. Nd7+ Kf7 54. Rb8 Rb2 55. Ne5+ Kf6 56. Nxc6 Ne4 57. Na5 b5 58. Kg1 b4 59. Rb6+ Kg5 60. Nc6 b3 61. Ne5 Nxf2 62. Nc4 Nh3+ 63. Kf1 Rc2 64. Ne3 Rc3 65. Rb5+ Kh4 66. Nd5 Rd3 67. Ke1 g5 68. Nf6 Nf4 69. Rb4 Rd6 70. Nh7 b2 71. Kf2 Rd1 72. Kf3 b1Q 73. Rxb1 Rxb1 74. Nf6 Rb3+ 75. Ke4 Rb6 76. Nd7 Rd6 77. Ne5 Re6 78. Kf5 Rxe5+ 79. Kxe5 g4 80. Kxf4 g3 81. Kf3 Kh3 82. Ke3 g2 83. Ke4 g1Q 0-1

[Event "FIDE Youth Super Final U16"]
[Site "Tornelo INT"]
[Date "2021.12.22"]
[Round "10"]
[White "Samadov, Read"]
[Black "Aaryan, Varshney"]
[Result "1-0"]
[WhiteElo "2375"]
[BlackElo "2277"]
[PlyCount "115"]
[EventDate "2021.12.18"]
[EventType "tourn (rapid)"]
[EventRounds "10"]
[EventCountry "NET"]
[SourceTitle "EXT 2023"]
[Source "ChessBase"]
[SourceDate "2022.10.05"]
[SourceVersion "1"]
[SourceVersionDate "2022.10.05"]
[SourceQuality "1"]

1. d4 Nf6 2. c4 e6 3. Nc3 d5 4. cxd5 exd5 5. Bg5 Be7 6. e3 c6 7. Bd3 Nbd7 8. Nge2 0-0 9. Qc2 Re8 10. 0-0 Nf8 11. Rad1 Be6 12. f3 Rc8 13. Bh4 a6 14. Bf2 Ng6 15. h3 c5 16. Qd2 b5 17. dxc5 Bxc5 18. Bxg6 hxg6 19. Nd4 Bb4 20. Rc1 Qd6 21. Nde2 Rc4 22. Rfd1 Qe7 23. a3 Bd6 24. Bg3 Bxg3 25. Nxg3 Bc8 26. Nf1 Bb7 27. Ne2 Rec8 28. Rc3 Nd7 29. Rdc1 Nb6 30. R3c2 Qe5 31. b3 Rxc2 32. Rxc2 Rxc2 33. Qxc2 Qe7 34. Nd4 Qd6 35. Qc3 Nd7 36. Nd2 Qxa3 37. Qc7 Nc5 38. Kh2 Qb4 39. Nf1 a5 40. Qb6 Kh7 41. Ng3 Bc8 42. Nc6 Qc3 43. Ne7 Ne6 44. Qxb5 Nc7 45. Qb8 Qc5 46. Nxc8 Ne6 47. Nd6 Qxe3 48. Nxf7 g5 49. Qe8 d4 50. Nd6 d3 51. Nc4 Qe1 52. Ne4 Nf4 53. Nxg5+ Kh6 54. Qxe1 Kxg5 55. Qd2 Kf5 56. g4+ Kg5 57. Kg3 a4 58. Qxf4+ 1-0

[Event "FIDE Youth Super Final U16"]
[Site "Tornelo INT"]
[Date "2021.12.21"]
[Round "8"]
[White "Aaryan, Varshney"]
[Black "Babazada, Khazar Araz"]
[Result "1/2-1/2"]
[WhiteElo "2277"]
[BlackElo "2429"]
[PlyCount "42"]
[EventDate "2021.12.18"]
[EventType "tourn (rapid)"]
[EventRounds "10"]
[EventCountry "NET"]
[SourceTitle "EXT 2023"]
[Source "ChessBase"]
[SourceDate "2022.10.05"]
[SourceVersion "1"]
[SourceVersionDate "2022.10.05"]
[SourceQuality "1"]

1. d4 Nf6 2. c4 g6 3. Nc3 Bg7 4. e4 d6 5. Nf3 0-0 6. Be2 Na6 7. 0-0 Bg4 8. Be3 Bxf3 9. Bxf3 Nd7 10. Be2 c5 11. d5 Nc7 12. Qd2 a6 13. a4 Rb8 14. Rad1 Ne8 15. Bg4 Ne5 16. Be2 Qb6 17. f4 Nd7 18. Qc2 Bd4 19. Qd2 Bg7 20. Qc2 Bd4 21. Qd2 Bg7 1/2-1/2